000 01180nam a22003377a 4500
003 CHAP
005 20221026121243.0
008 971013s r 00010 d
010 _a59885
011 _a60857
035 _a65020
040 _cCHAP
090 _aTesis
100 0 0 _aMendieta Juárez, Armando.
_974575
245 _aCaracterización de la ganadería para lidia y estimación de parámetros genéticos para el comportamiento durante la tienta /
_cpor Armando Mendieta Juárez y Miguel Gutiérrez Dimas
260 _aChapingo, Méx. :
_bEl autor.
_c1996
300 _a88 h.
502 _aTesis (Ing. Agr. Esp. en Zootecnia) -- UACH. Departamento de Zootecnia
590 _aALEPH
_b10
_c20130110
590 _aBATCH-UPD
_b10
_c20130110
590 _aBATCH-UPD
_b10
_c20130410
590 _aBATCH-UPD
_b10
_c20130914
590 _aCONVERSION
_b10
_c20130109
650 1 4 _aGanadería
_xHistoria.
_944745
650 1 4 _aGanado vacuno
_xGenética.
_945470
700 0 _aMiguel Gutiérrez, Dimas.
_975618
901 _aBK
942 _cFOLL
_2ddc
949 _bBC
_cTES
_d-143735
_eTS1
_h28874
_i65020
_si
949 _bBC
_cTES
_d33724000078960
_eTS2
_fc.2
_h28875
_i65020
_so
999 _c59885
_d59885